00684nam a22001937a 450000500170000000800410001704100080005804400070006608200110007324500250008426000780010930000380018750501170022554600270034265000460036965000210041570000250043670000290046120140606125155.0140606b xxu||||| |||| 00| 0 spa d aspa aec04a986.9000aComunidad Tsáchila aQuito, (Ecuador)bInstituto Ecuatoriano de la Propiedad Intelectualc2014 a13 p.bfot, color, realiac30 cm. aPoblación y organización social. Relación con la naturaleza Prácticas lúdicas Prácticas alimenticias aEn Español y Tsafiqu 6aIndígenas de Ecuadorxvida y costumbres 6aCultura tsachila0 aAviles, Manuelefot.0 aCalazacón, Henrryetr.